Văn chương Tự Lực văn đoàn : Khái Hưng, Hoàng Đạo . t. II
Gardado en:
| Formato: | Sách giấy |
|---|---|
| Idioma: | Vietnamese |
| Publicado: |
H. :
Giáo dục,
1999
|
| Những chủ đề: | |
| Các nhãn: |
Engadir etiqueta
Sen Etiquetas, Sexa o primeiro en etiquetar este rexistro!
|
| Thư viện lưu trữ: | Thư viện Trường Đại học Đà Lạt |
|---|
| LEADER | 00656nam a2200265 4500 | ||
|---|---|---|---|
| 001 | DLU020014952 | ||
| 005 | ##20000708 | ||
| 020 | # | # | |a 978- |
| 041 | # | # | |a vie |
| 082 | # | # | |a 895.922 |b Van |
| 245 | # | # | |a Văn chương Tự Lực văn đoàn : |b Khái Hưng, Hoàng Đạo . |n t. II |
| 260 | # | # | |a H. : |b Giáo dục, |c 1999 |
| 300 | # | # | |a 1412 tr.; |c 24 cm. |
| 653 | # | # | |a Sưu tập văn học |
| 653 | # | # | |a Tự lực văn đoàn |
| 653 | # | # | |a Văn học lãng mạn |
| 992 | # | # | |a 130000 |
| 994 | # | # | |a DLU |
| 900 | # | # | |a False |
| 911 | # | # | |a Administrator |
| 925 | # | # | |a G |
| 926 | # | # | |a A |
| 927 | # | # | |a SH |
| 980 | # | # | |a Thư viện Trường Đại học Đà Lạt |